| 000 | 00568nam a2200193 a 4500 | ||
|---|---|---|---|
| 005 | 20140311163008.0 | ||
| 008 | 041105s19uu xx 00 eng d | ||
| 050 |
_aP 90 _b.B34 2002 |
||
| 100 | _aBascara, Linda R. | ||
| 245 |
_aCommunication skills for college and beyond series two / _cLinda R. Bascara. |
||
| 260 |
_aManila, Philippines : _bRex Bookstore, _c1999. |
||
| 300 |
_a167 p. : _c23 cm. |
||
| 521 | _aMC | ||
| 650 | _aLanguage communication. | ||
| 700 | _aManzano, Lilia A. | ||
| 700 | _aTolosa, Agnes A. | ||
| 942 |
_cBK _2lcc _kLOC |
||
| 999 |
_c39336 _d39336 |
||